Online
Catalog

Matemáticas aplicadas a la administración, economía, ciencias biológicas y sociales / (Record no. 21030)

MARC details
000 -CABECERA
campo de control de longitud fija 01267nam a2200289 a 4500
001 - NÚMERO DE CONTROL
campo de control 000021530
005 - FECHA Y HORA DE LA ÚLTIMA TRANSACCIÓN
campo de control 20200930011345.0
008 - DATOS DE LONGITUD FIJA--INFORMACIÓN GENERAL
campo de control de longitud fija 100908s1992 mx d 000 0 spa d
020 ## - NÚMERO INTERNACIONAL ESTÁNDAR DEL LIBRO
Número Internacional Estándar del Libro 9688802301
040 ## - FUENTE DE LA CATALOGACIÓN
Centro catalogador/agencia de origen DO-SdBNP
Lengua de catalogación spa
Centro/agencia transcriptor BNPHU
041 17 - CÓDIGO DE LENGUA
Código de lengua del texto/banda sonora o título independiente spa
Código de lengua original eng
Fuente del código Código de idiomas MARC
082 ## - NÚMERO DE LA CLASIFICACIÓN DECIMAL DEWEY
Número de clasificación 510.24658
Número de documento/Ítem A796m, 1992
049 ## - FONDOS LOCALES (OCLC)
Fondos de biblioteca BNGR
100 1# - ENTRADA PRINCIPAL--NOMBRE DE PERSONA
Nombre de persona Arya, Jagdish C.
9 (RLIN) 44888
240 10 - TÍTULO UNIFORME
Título uniforme Mathematical analysis for business, economics, and the life and social sciences.
Lenguaje de la obra Español
245 10 - MENCIÓN DE TÍTULO
Título Matemáticas aplicadas a la administración, economía, ciencias biológicas y sociales /
Mención de responsabilidad, etc. Jagdish C. Arya y Robien W. Lardner ; traducción Elena de Oteyza ; revisión técnica Oscar Alfredo Palmas Velasco.
250 ## - MENCIÓN DE EDICIÓN
Mención de edición 3a ed.
260 ## - PUBLICACIÓN, DISTRIBUCIÓN, ETC.
Lugar de publicación, distribución, etc. México, D. F. :
Nombre del editor, distribuidor, etc. Prentice Hall Hispanoamericana,
Fecha de publicación, distribución, etc. 1992.
300 ## - DESCRIPCIÓN FÍSICA
Extensión 871 p. :
Otras características físicas grafts. ;
Dimensiones 23 cm.
534 ## - NOTA SOBRE LA VERSIÓN ORIGINAL
Encabezamiento principal del original Traducido de la tercera edición en inglés de :
Mención de título del original Mathematical analysis for business, economics, and the life and social sciences.
650 #4 - PUNTO DE ACCESO ADICIONAL DE MATERIA--TÉRMINO DE MATERIA
Término de materia o nombre geográfico como elemento de entrada Análisis matemáticos
9 (RLIN) 44889
650 #4 - PUNTO DE ACCESO ADICIONAL DE MATERIA--TÉRMINO DE MATERIA
Término de materia o nombre geográfico como elemento de entrada Matemáticas financieras
9 (RLIN) 7099
650 #4 - PUNTO DE ACCESO ADICIONAL DE MATERIA--TÉRMINO DE MATERIA
Término de materia o nombre geográfico como elemento de entrada Economía matemática
9 (RLIN) 44890
700 1# - PUNTO DE ACCESO ADICIONAL--NOMBRE DE PERSONA
Nombre de persona Lardner, Robin W.
9 (RLIN) 44891
700 1# - PUNTO DE ACCESO ADICIONAL--NOMBRE DE PERSONA
Nombre de persona Oteyza, Elena de,
Término indicativo de función/relación tr.
9 (RLIN) 44892
700 1# - PUNTO DE ACCESO ADICIONAL--NOMBRE DE PERSONA
Nombre de persona Palmas Velasco, Oscar Alfredo.
9 (RLIN) 98
Holdings
Estado de retiro Estado de pérdida Restricciones de uso No para préstamo Código de colección Localización permanente Ubicación/localización actual Ubicación en estantería Fecha de adquisición Número de inventario Total de préstamos Signatura topográfica completa Código de barras Fecha visto por última vez Precio válido a partir de Tipo de ítem Koha
        Monografías: Libros y Folletos General General En catalogación 08.09.2010 LF1   510.24658 A796m, 1992 21530-10 25.06.2020 25.06.2020 Préstamo en sala

Powered by Koha